Řízení cestovního ruchu

Globálne trendy v riadení cestovného ruchu. Predpoklady rozvoja cestovného ruchu, zvyšujúci sa jeho význam pre národné hospodárstvo. Vývojové smery v riadení cestovného ruchu. Manažérske znalosti a schopnosti. Zvyšujúci sa význam podnikateľských rolí manažéra.

Salvato in:
Dettagli Bibliografici
Autore principale: Kašná, V.
Altri autori: Lednický, Václav
Natura: Capitolo di libro
Lingua:ceco
Soggetti:
Tags: Aggiungi Tag
Nessun Tag, puoi essere il primo ad aggiungerne!!

MARC

LEADER 00000naa a2200000 4500
001 r027488
005 20230922084936.5
041 0 |a cze 
044 |a CZ 
245 1 0 |a Řízení cestovního ruchu  |c V. Kašná, Václav Lednický 
520 |a Globálne trendy v riadení cestovného ruchu. Predpoklady rozvoja cestovného ruchu, zvyšujúci sa jeho význam pre národné hospodárstvo. Vývojové smery v riadení cestovného ruchu. Manažérske znalosti a schopnosti. Zvyšujúci sa význam podnikateľských rolí manažéra. 
610 2 0 |a ruch cestovný 
610 2 0 |a globalizácia 
610 2 0 |a manažéri 
610 2 0 |a manažment 
610 2 0 |a zdroje ľudské 
100 1 |a Kašná, V. 
700 1 |a Lednický, Václav